[Event "LTU-ch U16 Girls"]
[Site "Panevezys"]
[Date "2015.04.02"]
[Round "5"]
[White "Bespalova, Jana"]
[Black "Gailiunaite, Saule"]
[Result "1/2-1/2"]
[WhiteElo "1682"]
[BlackElo "1730"]
[PlyCount "92"]
[EventDate "2015.03.30"]
[EventType "swiss"]
[EventRounds "7"]
[EventCountry "LTU"]
[SourceTitle "EXT 2017"]
[Source "ChessBase"]
[SourceDate "2016.10.25"]
[SourceVersion "1"]
[SourceVersionDate "2016.10.25"]
[SourceQuality "1"]

1. e4 c5 2. Nf3 Nc6 3. Bb5 g6 4. 0-0 Bg7 5. c3 Nf6 6. Re1 0-0 7. d4 cxd4 8. cxd4 d5 9. e5 Ne4 10. Bxc6 bxc6 11. Nbd2 c5 12. dxc5 Nxc5 13. Nb3 Ne4 14. Be3 f6 15. Nbd4 fxe5 16. Nc6 Qd6 17. Qxd5+ Qxd5 18. Nxe7+ Kh8 19. Nxd5 Bb7 20. Nc7 Rac8 21. Ne6 Rfe8 22. Nxg7 Kxg7 23. Nxe5 a6 24. Rac1 Kg8 25. Rxc8 Rxc8 26. Rc1 Rxc1+ 27. Bxc1 Bd5 28. f3 Nd6 29. a3 Nc4 30. Nxc4 Bxc4 31. b4 Kf7 32. Kf2 Ke6 33. Ke3 Bf1 34. g4 Bb5 35. f4 Kd5 36. h4 Bd7 37. Kf3 Kc4 38. h5 Kd3 39. f5 gxh5 40. Kf4 hxg4 41. f6 Be6 42. a4 Kc4 43. Bd2 h5 44. Be1 h4 45. f7 Bxf7 46. Kxg4 Be8 1/2-1/2

[Event "LTU-ch U16 Girls"]
[Site "Panevezys"]
[Date "2015.03.30"]
[Round "1"]
[White "Bespalova, Jana"]
[Black "Meskenaite, Rugile"]
[Result "1/2-1/2"]
[WhiteElo "1682"]
[BlackElo "1523"]
[PlyCount "119"]
[EventDate "2015.03.30"]
[EventType "swiss"]
[EventRounds "7"]
[EventCountry "LTU"]
[SourceTitle "EXT 2017"]
[Source "ChessBase"]
[SourceDate "2016.10.25"]
[SourceVersion "1"]
[SourceVersionDate "2016.10.25"]
[SourceQuality "1"]

1. e4 e5 2. Nf3 Nc6 3. Nc3 Nf6 4. Bb5 d6 5. d4 exd4 6. Nxd4 Bd7 7. 0-0 a6 8. Bxc6 bxc6 9. Re1 Be7 10. e5 dxe5 11. Rxe5 0-0 12. Bg5 h6 13. Bh4 Re8 14. Qe1 Bd6 15. Rxe8+ Bxe8 16. Rd1 g5 17. Bg3 Bd7 18. Ne4 Nxe4 19. Qxe4 Qe8 20. Qd3 Bxg3 21. Qxg3 c5 22. Nf3 Bf5 23. Nxg5 hxg5 24. Qxg5+ Bg6 25. h4 Qe2 26. Rd5 Kg7 27. h5 Rh8 28. g4 Qe1+ 29. Kg2 Qe4+ 30. Kg3 Qe1 31. Re5 Qg1+ 32. Kf3 Qd1+ 33. Kg2 Rh6 34. Re7 Qd6 35. hxg6 Qh2+ 36. Kf1 Qh1+ 37. Ke2 Rxg6 38. Qe5+ Rf6 39. g5 Qf3+ 40. Kd2 Qxf2+ 41. Kc3 Qf3+ 42. Kc4 Qf4+ 43. Qxf4 Rxf4+ 44. Kxc5 Rf2 45. c4 Rxb2 46. Rxc7 Rxa2 47. Kb6 a5 48. c5 a4 49. Ra7 a3 50. c6 Rb2+ 51. Kc5 Rc2+ 52. Kb6 Rb2+ 53. Kc5 Rc2+ 54. Kd6 a2 55. c7 Rd2+ 56. Ke7 Re2+ 57. Kd8 Rd2+ 58. Kc8 Kg6 59. Ra5 Rc2 60. Kb7 1/2-1/2

[Event "Palanga Baltija op-A"]
[Site "Palanga"]
[Date "2014.06.20"]
[Round "7"]
[White "Bespalova, Jana"]
[Black "Zuj Zaikovskis, Nikita"]
[Result "0-1"]
[WhiteElo "1472"]
[BlackElo "1759"]
[PlyCount "104"]
[EventDate "2014.06.16"]
[EventType "swiss"]
[EventRounds "9"]
[EventCountry "LTU"]
[SourceTitle "CBM 161 Extra"]
[Source "ChessBase"]
[SourceDate "2014.08.29"]
[SourceVersion "1"]
[SourceVersionDate "2014.08.29"]
[SourceQuality "1"]

1. e4 e6 2. d4 d5 3. Nc3 Bb4 4. e5 c5 5. Bd2 c4 6. Nb5 Bf8 7. Bc1 Qb6 8. Nc3 Nc6 9. Nf3 Nge7 10. g4 h5 11. g5 Nf5 12. Ne2 g6 13. h4 Be7 14. c3 0-0 15. Ng3 Ng7 16. Be2 Qc7 17. Nh2 Rd8 18. 0-0 Kf8 19. Re1 Bd7 20. Be3 Rdb8 21. Qc2 b5 22. b3 a5 23. bxc4 bxc4 24. Reb1 Na7 25. a4 Nc8 26. Bd1 Rxb1 27. Rxb1 Rb8 28. Rxb8 Qxb8 29. Bc1 Qc7 30. Qa2 Nb6 31. Ba3 Bxa3 32. Qxa3+ Ke8 33. Ngf1 Qc6 34. Qb2 Kf8 35. Qa3+ Kg8 36. Qe7 Qc8 37. Qa3 Be8 38. Ne3 Qc6 39. Bc2 Nxa4 40. Nd1 Qb5 41. Nf1 Nb6 42. Nfe3 Nc8 43. Nb2 Nb6 44. Ned1 Nf5 45. Bxf5 exf5 46. Kg2 a4 47. Qe7 Qc6 48. Qb4 Bd7 49. Qe7 Qb5 50. Qd8+ Kh7 51. Qf8 Be6 52. Qc5 Qb3 0-1

[Event "Palanga Baltija op-A"]
[Site "Palanga"]
[Date "2014.06.18"]
[Round "4"]
[White "Bespalova, Jana"]
[Black "Januseviciute, Donata"]
[Result "1-0"]
[WhiteElo "1472"]
[BlackElo "1723"]
[PlyCount "75"]
[EventDate "2014.06.16"]
[EventType "swiss"]
[EventRounds "9"]
[EventCountry "LTU"]
[SourceTitle "CBM 161 Extra"]
[Source "ChessBase"]
[SourceDate "2014.08.29"]
[SourceVersion "1"]
[SourceVersionDate "2014.08.29"]
[SourceQuality "1"]

1. e4 e6 2. d4 d5 3. Nc3 Bb4 4. e5 c5 5. Bd2 cxd4 6. Nb5 Bxd2+ 7. Qxd2 Nc6 8. Nf3 Qb6 9. 0-0-0 Nge7 10. Nd6+ Kf8 11. Qf4 Nd8 12. Bd3 Ng6 13. Bxg6 hxg6 14. Ng5 Ke7 15. Ngxf7 Rf8 16. Qg5+ Kd7 17. Qxg6 Nxf7 18. Nxf7 Qc5 19. Nd6 Rxf2 20. Qxg7+ Kc6 21. Qg6 d3 22. Qxd3 Rxg2 23. h4 b6 24. Rd2 Rg1+ 25. Rxg1 Qxg1+ 26. Rd1 Qf2 27. Qc3+ Kd7 28. Nb5 Qc5 29. Qd3 Kc6 30. Nd4+ Kb7 31. Qg6 Qe7 32. h5 Bd7 33. h6 Rh8 34. Qg7 Rh7 35. Qxe7 Rxe7 36. Rg1 Kc8 37. Rg7 Re8 38. h7 1-0

[Event "LTU-ch U14 Girls"]
[Site "Panevezys"]
[Date "2014.03.29"]
[Round "7"]
[White "Bespalova, Jana"]
[Black "Misiuk, Karolina"]
[Result "0-1"]
[WhiteElo "1492"]
[BlackElo "1439"]
[PlyCount "72"]
[EventDate "2014.03.25"]
[EventType "swiss"]
[EventRounds "9"]
[EventCountry "LTU"]
[SourceTitle "EXT 2016"]
[Source "ChessBase"]
[SourceDate "2015.10.08"]
[SourceVersion "1"]
[SourceVersionDate "2015.10.08"]
[SourceQuality "1"]

1. e4 c5 2. Nf3 Nc6 3. Bb5 g6 4. Bxc6 dxc6 5. d3 Bg7 6. 0-0 Nf6 7. h3 Be6 8. Nc3 0-0 9. a4 Qc7 10. Qe2 Rfd8 11. Be3 b6 12. Nd2 Nd7 13. f4 Nf6 14. f5 Bd7 15. Bf4 Qb7 16. e5 Nd5 17. Nxd5 cxd5 18. e6 fxe6 19. fxe6 Bc8 20. Be5 Bh6 21. Bf4 Bg7 22. Rae1 Qc6 23. Bg5 Rd6 24. Bxe7 Rxe6 25. Qf3 Bd7 26. c4 dxc4 27. Qf7+ Kh8 28. Qf4 Re8 29. Rxe6 Bxe6 30. Bd6 cxd3 31. Be5 Bd5 32. Bc3 Bxc3 33. bxc3 Bxg2 34. Rd1 Bxh3 35. Qg3 Re3 36. Qg5 Re2 0-1

[Event "EU-ch U14 Girls 23rd"]
[Site "Budva"]
[Date "2013.10.01"]
[Round "3"]
[White "Bespalova, Jana"]
[Black "Greibrokk, Ingrid Andrea"]
[Result "1-0"]
[WhiteElo "1475"]
[BlackElo "1626"]
[PlyCount "107"]
[EventDate "2013.09.29"]
[EventType "swiss"]
[EventRounds "9"]
[EventCountry "MNE"]
[SourceTitle "EXT 2014"]
[Source "ChessBase"]
[SourceDate "2013.11.20"]
[SourceVersion "1"]
[SourceVersionDate "2013.11.20"]
[SourceQuality "1"]

1. e4 c5 2. Nf3 d6 3. d4 cxd4 4. Qxd4 Nc6 5. Bb5 Bd7 6. Bxc6 Bxc6 7. c4 Nf6 8. Nc3 g6 9. 0-0 Bg7 10. Qd3 0-0 11. Bg5 Rc8 12. b3 Nxe4 13. Nxe4 Bxa1 14. Rxa1 f6 15. Bh6 Rf7 16. Nd4 Bxe4 17. Qxe4 e5 18. Nb5 a6 19. Nc3 f5 20. Qd3 f4 21. Ne4 Rf5 22. Qxd6 Rh5 23. Qxd8+ Rxd8 24. Nf6+ Kf7 25. Nxh5 gxh5 26. Bg5 Rd7 27. g3 f3 28. h3 Kg6 29. Be3 e4 30. Kf1 h4 31. g4 h5 32. gxh5+ Kxh5 33. Ke1 Rg7 34. Kd2 Rg2 35. Rh1 Kg6 36. Kc3 Kf6 37. b4 Ke6 38. Kd4 Kf5 39. b5 axb5 40. cxb5 Rg6 41. a4 b6 42. Kd5 Re6 43. Rg1 Re5+ 44. Kc6 Re6+ 45. Kb7 Kf6 46. Bxb6 Re7+ 47. Kc6 Re6+ 48. Kb7 Re7+ 49. Ka6 Re6 50. Ka5 Kf5 51. Be3 Re5 52. Rg5+ Ke6 53. Rxe5+ Kxe5 54. b6 1-0